000 01802nam a22004457a 4500
003 CHAP
005 20220329143217.0
008 070228d2006 mx bd r 00110 spa d
010 _a93348
011 _a94320
035 _a104907
040 _cCHAP
090 _aTesis
100 1 _aVargas Trujillo, Alfredo
_9118111
245 1 0 _aSubsector lácteo, su productividad económica relativa de 1990 a 2004 del municipio de Francisco I. Madero, Coahuila
_c/por Alfredo Vargas Trujillo
260 _aBermejillo, Dgo. :
_bEl autor,
_c2006
300 _a82 h. :
_bgráfs. ; mapas ; cuadros
502 _aTesis (Ing. Agr. Esp. en Sistemas Pecuarios de Zonas Áridas) -- UACH. Unidad Regional Universitaria de Zonas Áridas
530 _aTambién disponible en línea
590 _aALEPH
_b10
_c20130110
_lUCH01
_h1517
590 _aBATCH-UPD
_b10
_c20130110
_lUCH01
_h0641
590 _aBATCH-UPD
_b10
_c20130410
_lUCH01
_h0325
590 _aBATCH-UPD
_b10
_c20130914
_lUCH01
_h1518
590 _aBATCH-UPD
_b10
_c20140324
_lUCH01
_h1501
590 _aBATCH-UPD
_b10
_c20141002
_lUCH01
_h0833
590 _aCONVERSION
_b10
_c20130109
_lUCH01
_h1352
650 1 4 _aGanado lechero
_xAspectos económicos.
_945243
650 1 4 _aGanado lechero
_xComarca Lagunera.
_945247
650 1 4 _aGanado lechero
_xProducción.
_945288
650 1 4 _aGanado lechero
_zCoahuila.
_945311
650 1 4 _aLeche
_xCostos de producción.
_965371
650 1 4 _aLeche
_xPrecios.
_965398
650 1 4 _aLeche
_xProducción.
_965400
856 _3Finding aid
_uhttp://10.13.5.2/tesis/104907.pdf
_zTeclea aqui
901 _aBK
905 _aMarco A-. Mendoza T.
942 _cFOLL
949 _aTesis
_bBC
_cTES
_d33724002018149
_eTS2
_fc.2
_gDonaciØn
_h46500
_i104907
_sb
949 _aTesis
_bBC
_cTES
_d33724002018165
_eTS1
_gDonaciØn
_h46499
_i104907
_sb
999 _c93348
_d93348